=LDR 00000nam 2200000 4500 =001 INLIS000000000023748 =005 20130612122359 =008 ***********************************Ind** =035 ##$$a0010-061300000023748 =041 ##$$a Ind =082 ##$$a 658.151 =090 ##$$a 658.151, Han m =100 ##$$a Hansen =245 ##$$a Manajement Accounting, Akuntansi manajemen, Hansen =260 ##$$a 2004 $b Jakarta =300 ##$$a 592 hlm, ilus, 26 cm =650 ##$$a Akuntansi manajement =850 ##$$a NBPNMAT =990 ##$$a 21400584/BPAP-NTB/2014 =990 ##$$a 21400585/BPAP-NTB/2014